Spring Conference on Computer Graphics : SCCG 1997. Company Presentations Posters : Konf. Budmerice. June 5-8,1997
Salvato in:
| Natura: | Libro |
|---|---|
| Lingua: | slovacco |
| Pubblicazione: |
Bratislava :
Univerzita Komenského v Bratislave,
1997
|
| Soggetti: | |
| Tags: |
Nessun Tag, puoi essere il primo ad aggiungerne!!
|
MARC
| LEADER | 00000nam a22000003a 4500 | ||
|---|---|---|---|
| 001 | stu45882 | ||
| 005 | 20150408180304.6 | ||
| 008 | 970630s1997----cs------------------slo-d | ||
| 040 | |a STU |b slo | ||
| 041 | 0 | |a slo | |
| 044 | |a cs | ||
| 080 | |a 681.3 | ||
| 080 | |a 51(082) | ||
| 245 | |a Spring Conference on Computer Graphics : |b SCCG 1997. Company Presentations Posters : Konf. Budmerice. June 5-8,1997 | ||
| 260 | |a Bratislava : |b Univerzita Komenského v Bratislave, |c 1997 | ||
| 300 | |a 71 s | ||
| 650 | 7 | |a grafika počítačová |2 stusub | |
| 650 | 7 | |a zborníky |2 stusub | |
| 996 | |b MZ 1162 |c M*Z-1162 |l MMKN |s A |a 24 |w stu45882_0001 | ||